000
00237nam a2200097Ia 4500
005
20251222140053.0
008
251222s1900||||xx |||||||||||||| ||spa||
082
_a
216.5/P28/10
245
0
_a
Jesucristo y la esperanza del hombre
942
_c
LIB
999
_c
3656
_d
3656